Gaming Quiz

Random Gaming or Pokémon Quiz
Score 0/156 Timer 18:00
0 Plays Today
No. Pokémon % Correct
#494Victini
97.7%
#497Serperior
97.7%
#500Emboar
97.7%
#503Samurott
97.7%
#505Watchog
97.7%
#508Stoutland
97.7%
#510Liepard
97.7%
#512Simisage
97.7%
#514Simisear
97.7%
#516Simipour
97.7%
#495Snivy
95.3%
#496Servine
95.3%
#498Tepig
95.3%
#499Pignite
95.3%
#501Oshawott
95.3%
#502Dewott
95.3%
#504Patrat
95.3%
#506Lillipup
95.3%
#507Herdier
95.3%
#509Purrloin
95.3%
#511Pansage
95.3%
#513Pansear
95.3%
#515Panpour
95.3%
#517Munna
95.3%
#518Musharna
95.3%
#521Unfezant
95.3%
#523Zebstrika
95.3%
#531Audino
95.3%
#519Pidove
93%
#520Tranquill
93%
#522Blitzle
93%
#526Gigalith
93%
#528Swoobat
93%
#530Excadrill
93%
#535Tympole
93%
#536Palpitoad
93%
#537Seismitoad
93%
#538Throh
93%
#539Sawk
93%
#541Swadloon
93%
#542Leavanny
93%
#551Sandile
93%
#555Darmanitan
93%
#556Maractus
93%
#558Crustle
93%
#560Scrafty
93%
#524Roggenrola
90.7%
#525Boldore
90.7%
#527Woobat
90.7%
#529Drilbur
90.7%
#534Conkeldurr
90.7%
#544Whirlipede
90.7%
No. Pokémon % Correct
#545Scolipede
90.7%
#546Cottonee
90.7%
#547Whimsicott
90.7%
#552Krokorok
90.7%
#553Krookodile
90.7%
#554Darumaka
90.7%
#557Dwebble
90.7%
#559Scraggy
90.7%
#561Sigilyph
90.7%
#563Cofagrigus
90.7%
#532Timburr
88.4%
#533Gurdurr
88.4%
#540Sewaddle
88.4%
#543Venipede
88.4%
#548Petilil
88.4%
#549Lilligant
88.4%
#550Basculin
88.4%
#562Yamask
88.4%
#565Carracosta
83.7%
#567Archeops
83.7%
#570Zorua
83.7%
#571Zoroark
83.7%
#564Tirtouga
81.4%
#566Archen
81.4%
#568Trubbish
81.4%
#569Garbodor
81.4%
#573Cinccino
79.1%
#586Sawsbuck
79.1%
#572Minccino
76.7%
#576Gothitelle
76.7%
#584Vanilluxe
76.7%
#585Deerling
76.7%
#574Gothita
74.4%
#579Reuniclus
74.4%
#581Swanna
74.4%
#587Emolga
74.4%
#589Escavalier
74.4%
#575Gothorita
72.1%
#577Solosis
72.1%
#578Duosion
72.1%
#580Ducklett
72.1%
#582Vanillite
72.1%
#588Karrablast
72.1%
#596Galvantula
72.1%
#599Klink
72.1%
#600Klang
72.1%
#601Klinklang
72.1%
#583Vanillish
69.8%
#595Joltik
69.8%
#604Eelektross
69.8%
#606Beheeyem
69.8%
#609Chandelure
69.8%
No. Pokémon % Correct
#590Foongus
67.4%
#591Amoonguss
67.4%
#597Ferroseed
67.4%
#598Ferrothorn
67.4%
#602Tynamo
67.4%
#603Eelektrik
67.4%
#605Elgyem
67.4%
#607Litwick
67.4%
#612Haxorus
67.4%
#614Beartic
67.4%
#615Cryogonal
67.4%
#617Accelgor
67.4%
#623Golurk
67.4%
#637Volcarona
67.4%
#641Tornadus
67.4%
#642Thundurus
67.4%
#643Reshiram
67.4%
#644Zekrom
67.4%
#647Keldeo
67.4%
#648Meloetta
67.4%
#649Genesect
67.4%
#593Jellicent
65.1%
#608Lampent
65.1%
#610Axew
65.1%
#611Fraxure
65.1%
#613Cubchoo
65.1%
#616Shelmet
65.1%
#622Golett
65.1%
#624Pawniard
65.1%
#625Bisharp
65.1%
#626Bouffalant
65.1%
#628Braviary
65.1%
#630Mandibuzz
65.1%
#631Heatmor
65.1%
#632Durant
65.1%
#633Deino
65.1%
#635Hydreigon
65.1%
#636Larvesta
65.1%
#638Cobalion
65.1%
#639Terrakion
65.1%
#640Virizion
65.1%
#645Landorus
65.1%
#646Kyurem
65.1%
#592Frillish
62.8%
#618Stunfisk
62.8%
#621Druddigon
62.8%
#627Rufflet
62.8%
#629Vullaby
62.8%
#634Zweilous
62.8%
#594Alomomola
60.5%
#620Mienshao
60.5%
#619Mienfoo
58.1%
Remove Ads.
Support Sporcle.
Get the best of Sporcle when you Go Orange. This ad-free experience offers more features, more stats, and more fun while also helping to support Sporcle. Thank you for becoming a member.

You're not logged in!

Compare scores with friends on all Sporcle quizzes.
OR
Log In

Show Comments

Extras

Top Quizzes Today


Score Distribution

Your Account Isn't Verified!

In order to create a playlist on Sporcle, you need to verify the email address you used during registration. Go to your Sporcle Settings to finish the process.

Report this User

Report this user for behavior that violates our Community Guidelines.

Details: